| 000 | 00916nam a22002537a 4500 | ||
|---|---|---|---|
| 005 | 20240530110909.0 | ||
| 008 | 220308s2007 ua g b 000 0 ara d | ||
| 017 |
_a2007/15719 _bمصر. دار الكتب |
||
| 020 | _a9774344185 | ||
| 040 |
_aEG-CaGPL _cEG-CaGPL |
||
| 082 | 0 | 4 |
_221 _a320.54/ _bك ع |
| 100 | 1 | _aكرون، ديفيد ماك | |
| 245 | 1 | 0 |
_aعلم اجتماع القومية / _cتاليف ديفيد ماك كرون ؛ ترجمة سامى خشبة |
| 250 | _aط.1 | ||
| 260 |
_aالقاهرة : _bالمركز القومى للترجمة ، _c2007 |
||
| 300 |
_a431 ص. ؛ _c24 سم. |
||
| 490 | 0 |
_aالمشروع القومى للترجمة ؛ _v1118 |
|
| 650 | 0 | 7 |
_2qrmak _aالاجتماع، علم |
| 650 | 0 | 7 |
_2qrmak _aالقومية العربية |
| 651 | _2qrmak | ||
| 700 | 0 |
_aسامى خشبة _eمترجم |
|
| 942 |
_2ddc _cBK |
||
| 999 |
_c66270 _d66270 |
||